All League Of Legends Champions in 15 minutes - Statistics

General Stats
  • This quiz has been taken 102 times
  • The average score is 99 of 161
Answer Stats
Region Answer % Correct
Noxus Darius
91%
Piltover Caitlyn
88%
Runeterra Aatrox
86%
Ionia Akali
86%
Demacia Garen
86%
Freljord Ashe
84%
Zaun Jinx
83%
Demacia Lux
83%
Piltover Vi
83%
Ionia Yasuo
83%
Freljord Anivia
80%
Freljord Braum
80%
Noxus Draven
78%
Ionia Irelia
78%
Bandle City Lulu
78%
Bandle City Tristana
78%
Ionia Yone
78%
Ionia Zed
78%
Runeterra Alistar
77%
Shurima Azir
77%
Bilgewater Miss Fortune
77%
Runeterra Brand
75%
Ionia Jhin
75%
Shadow Isles Kalista
75%
Runeterra Lucian
75%
Shurima Renekton
75%
Bandle City Teemo
75%
Ionia Ahri
73%
Zaun Blitzcrank
73%
Demacia Morgana
73%
Shurima Nasus
73%
Shurima Amumu
72%
Void Cho'Gath
72%
Zaun Ekko
72%
Targon Leona
72%
Freljord Volibear
72%
Zaun Warwick
72%
Runeterra Annie
70%
Void Bel'Veth
70%
Targon Diana
70%
Bilgewater Illaoi
70%
Piltover Jayce
70%
Void Kai'Sa
70%
Ionia Rakan
70%
Bandle City Veigar
70%
Demacia Fiora
69%
Noxus Katarina
69%
Void Kha'Zix
69%
Runeterra Senna
69%
Ionia Xayah
69%
Shurima Akshan
67%
Piltover Heimerdinger
67%
Ionia Kayn
67%
Bilgewater Nautilus
67%
Freljord Ornn
67%
Shadow Isles Viego
67%
Runeterra Aurelion Sol
66%
Piltover Camille
66%
Runeterra Evelynn
66%
Piltover Ezreal
66%
Ionia Karma
66%
Demacia Kayle
66%
Ixtal Malphite
66%
Void Rek'Sai
66%
Void Vel'Koz
66%
Shurima Xerath
66%
Runeterra Bard
64%
Bandle City Corki
64%
Zaun Janna
64%
Bilgewater Pyke
64%
Targon Aphelios
63%
Demacia Galio
63%
Bilgewater Graves
63%
Ionia Kennen
63%
Piltover Orianna
63%
Ionia Shen
63%
Zaun Zeri
63%
Shadow Isles Elise
61%
Shadow Isles Hecarim
61%
Ionia Master Yi
61%
Demacia Sylas
61%
Targon Zoe
61%
Ionia Ivern
59%
Freljord Lissandra
59%
Freljord Olaf
59%
Piltover Seraphine
59%
Demacia Sona
59%
Freljord Tryndamere
59%
Bilgewater Twisted Fate
59%
Demacia Vayne
59%
Demacia Xin Zhao
59%
Ionia Lee Sin
58%
Noxus Mordekaiser
58%
Runeterra Nami
58%
Targon Pantheon
58%
Noxus Samira
58%
Freljord Sejuani
58%
Targon Soraka
58%
Ionia Syndra
58%
Targon Taric
58%
Freljord Udyr
58%
Zaun Viktor
58%
Bandle City Yuumi
58%
Noxus Cassiopeia
56%
Shadow Isles Karthus
56%
Void Kog'Maw
56%
Demacia Poppy
56%
Ixtal Rengar
56%
Noxus Sion
56%
Shadow Isles Yorick
56%
Ixtal Zyra
56%
Noxus Vladimir
55%
Zaun Dr Mundo
53%
Runeterra Fizz
53%
Freljord Gragas
53%
Demacia Jarvan IV
53%
Runeterra Jax
53%
Noxus LeBlanc
53%
Shadow Isles Maokai
53%
Runeterra Nocturne
53%
Bandle City Rumble
53%
Zaun Singed
53%
Shurima Sivir
53%
Noxus Swain
53%
Zaun Urgot
53%
Shadow Isles Gwen
52%
Void Kassadin
52%
Noxus Talon
52%
Zaun Twitch
52%
Zaun Zac
52%
Zaun Ziggs
52%
Runeterra Zilean
52%
Runeterra Fiddlesticks
50%
Ixtal Nidalee
50%
Demacia Quinn
50%
Ionia Wukong
50%
Bilgewater Gankplank
48%
Freljord Gnar
48%
Noxus Kled
48%
Ixtal Qiyana
48%
Shurima Rammus
48%
Demacia Shyvana
48%
Runeterra Kindred
47%
Ionia Lillia
47%
Ionia Sett
47%
Ionia Varus
47%
Void Malzahar
45%
Ixtal Neeko
45%
Bilgewater Nilah
45%
Noxus Riven
45%
Noxus Rell
44%
Runeterra Shaco
44%
Zaun Renata Glasc
42%
Runeterra Ryze
42%
Runeterra Tahm Kench
42%
Shadow Isles Vex
42%
Freljord Trundle
41%
Freljord Nunu & Willump
39%
Shurima Skarner
39%
Shurima Taliyah
36%
Shadow Isles Thersh
2%
No matching quizzes found
Score Distribution
Percent of People with Each Score
Percentile by Number Answered
Your Score History
You have not taken this quiz